000 00811cab a2200241 4500
001 WB3221-20
008 090401t1996 xxu||||| |||| 00| 0 eng d
035 _a(Sirsi) u13864
041 _aeng
245 _aWay cleared for property unit listings
260 _c1996
350 _a0
490 _aFinancial Times
_v30 May 1996, 12(1)
520 _aThe London Stock Exchange has published draft rules to list shares in authorised property unit trusts, creating investment opportunities that offer tax advantages above conventional property companies.
650 _aFUND MANAGEMENT
650 _aPENSION FUNDS
650 _aPROPERTY INVESTMENT
650 _aPROPERTY UNIT TRUSTS
650 _aSTOCK EXCHANGE
690 _aPROPERTY-PROPERTY FINANCE AND INVESTMENT
942 _n0
948 _c04/03/1997
999 _c8952
_d8952